Children's Authors (Female) Picture Click Quiz Stats

 Plays Quiz not verified by Sporcle

Score 0/8 Timer 01:30
0 Plays Today
% Correct
Beatrix Potter
85.8%
Judy Blume
73.4%
Enid Blyton
59.3%
Astrid Lindgren
55.3%
Ann M. Martin
53.2%
Beverly Cleary
53%
Lois Lowry
52.6%
Katherine Paterson
47%

You're not logged in!

Compare scores with friends on all Sporcle quizzes.
Join for Free
OR
Log In

You Might Also Like...

Show Comments

Extras

Top Quizzes Today


Score Distribution

Your Account Isn't Verified!

In order to create a playlist on Sporcle, you need to verify the email address you used during registration. Go to your Sporcle Settings to finish the process.

Report this User

Report this user for behavior that violates our Community Guidelines.

Details: